Kinh tế học T.2 /

Các khái niệm cơ bản của kinh tế học vĩ mô; Tổng cung; Tăng trưởng kinh tế và các chính sách kinh tế vĩ mô; Thương mại quốc tế và nền kinh tế thế giới...

Wedi'i Gadw mewn:
Manylion Llyfryddiaeth
Prif Awdur: Samuelson, Paul A.
Awduron Eraill: Nordhaus, William D., Vũ Cương (dịch.), Đinh Xuân H (dịch.), Nguyễn Xuân Nguyên (dịch.), Trần Đình Toàn (dịch.)
Fformat: Llyfr
Iaith:Vietnamese
English
Cyhoeddwyd: Hà Nội : Chính trị quốc gia, 1997.
Pynciau:
Tagiau: Ychwanegu Tag
Dim Tagiau, Byddwch y cyntaf i dagio'r cofnod hwn!
Thư viện lưu trữ: Mạng thư viện Đại học Đà Nẵng
LEADER 01323cam a2200397 i 4500
001 000043182
003 1057
005 20041029150151.0
008 010302b1997 vm 000 vie
020 |c 110000 
022 |a T 
040 |a IRC  |c IRC  |d IRC 
041 1 |a vie  |h eng 
082 1 4 |a 330.01  |b SA-P 
100 1 |a Samuelson, Paul A. 
245 1 0 |a Kinh tế học  |n T.2 /  |c Paul A. Samuelson, William D. Nordhaus ; Vũ Cương, Đinh Xuân Hà, Nguyễn Xuân Nguyên, Trần Đình Toàn dịch. 
260 |a Hà Nội :  |b Chính trị quốc gia,  |c 1997. 
300 |a 797 tr. ;  |c 24 cm. 
520 3 |a Các khái niệm cơ bản của kinh tế học vĩ mô; Tổng cung; Tăng trưởng kinh tế và các chính sách kinh tế vĩ mô; Thương mại quốc tế và nền kinh tế thế giới... 
630 0 4 |a Kinh tế. 
650 0 4 |a Kinh tế học. 
700 1 |a Nordhaus, William D. 
700 1 |a Vũ Cương,  |e dịch. 
700 1 |a Đinh Xuân Hà,  |e dịch. 
700 1 |a Nguyễn Xuân Nguyên,  |e dịch. 
700 1 |a Trần Đình Toàn,  |e dịch. 
OWN |a DUT 
999 |a From the UDN01 
TYP |a Monograph 
TYP |a Printed language 
980 |a Mạng thư viện Đại học Đà Nẵng